Russian Cities - Sudden Death - Statistics

General Stats
  • This quiz has been taken 161 times
  • The average score is 16 of 30
Answers on the Grid
Answers color-coded by a green-red scale on the quiz's grid according to % correct below.
Ufa
Moscow
St. Petersburg
Rostov-On-Don
Kazan
Samara
Omsk
Tyumen
Krasnodar
Saratov
Voronezh
Tolyatti
Perm
Volgograd
Ulan-Ude
Tver
Bryansk
Vladimir
Yakutsk
Grozny
Chita
Kaluga
Belgorod
Vologda
Kurgan
Saransk
Smolensk
Murmansk
Kostroma
Noyabrsk
Astana
Bishkek
Kyiv
Odessa
Beijing
Ulaanbaatar
Ankara
Helsinki
Minsk
Chisinau
Almaty
Tashkent
Tbilisi
Baku
Yerevan
Gdansk
Warsaw
Daugavpils
Riga
Vilnius
Orsha
Mahilyow
Babruysk
Mazyr
Uzhorod
Michalovce
Kosice
Savonlinna
Unggi
Rebun
 
Answer Stats
Answer % Correct
St. Petersburg
76%
Volgograd
73%
Moscow
70%
Omsk
68%
Rostov-On-Don
68%
Yakutsk
67%
Krasnodar
66%
Murmansk
65%
Perm
65%
Ufa
65%
Grozny
64%
Kazan
62%
Voronezh
60%
Smolensk
56%
Samara
53%
Saratov
52%
Belgorod
50%
Bryansk
50%
Vladimir
49%
Tyumen
46%
Tver
45%
Vologda
44%
Noyabrsk
39%
Chita
38%
Kaluga
38%
Ulan-Ude
38%
Saransk
37%
Tolyatti
36%
Kostroma
34%
Kurgan
33%
No matching quizzes found
Score Distribution
Percent of People with Each Score
Percentile by Number Answered
Your Score History
You have not taken this quiz